书目信息 |
| 题名: |
光学薄膜
|
|
| 作者: | ;《光学薄膜》编写组 | |
| 分册: | ||
| 出版信息: | 上海 上海人民出版社 1976.06 |
|
| 页数: | 159页 | |
| 开本: | 19cm | |
| 丛书名: | 固体激光技术基础丛书 | |
| 单 册: | ||
| 中图分类: | N51 | |
| 科图分类: | ||
| 主题词: | 自然科学--丛书 , 自然科学--多卷书 | |
| 电子资源: | ||
| ISBN: | ||
| 000 | 00840nam0 2200253 45 | |
| 001 | 0310151045 | |
| 005 | 20031219104119.7 | |
| 010 | @dCNY0.32 | |
| 091 | @a15171.225 | |
| 100 | @a20031015d1976 km y0chiy0120 ea | |
| 101 | 0 | @achi |
| 105 | @aa z 000yy | |
| 200 | 1 | @a光学薄膜@AGuang Xue Bao Mo@e固体激光技术基础丛书之四@EGu Ti Ji Guang Ji Shu Ji Chu Cong Shu Zhi Si@f《光学薄膜》编写组@F《Guang Xue Bao Mo》Bian Xie Zu |
| 210 | @a上海@c上海人民出版社@d1976.06 | |
| 215 | @a159页@c图表@d19cm | |
| 225 | @a固体激光技术基础丛书 | |
| 410 | @12001 @a固体激光技术基础丛书 | |
| 517 | @a固体激光技术基础丛书之四@AGu Ti Ji Guang Ji Shu Ji Chu Cong Shu Zhi Si | |
| 606 | 0 | @a自然科学@x丛书 |
| 606 | 0 | @a自然科学@x多卷书 |
| 690 | @aN51@v3 | |
| 711 | 02 | @a《光学薄膜》编写组 |
| 801 | @aCN@bTSTC@c20031015 | |
| 905 | @f2@b3095-096@dN51@e1 | |
| 光学薄膜:固体激光技术基础丛书之四/《光学薄膜》编写组.-上海:上海人民出版社,1976.06 |
| 159页:图表;19cm.-(固体激光技术基础丛书) |
| ISBN :CNY0.32 |
| ● |
| 相关链接 |
|
|
|
|
正题名:光学薄膜
索取号:N51/1
 
预约/预借
| 序号 | 登录号 | 条形码 | 馆藏地/架位号 | 状态 | 备注 |
| 1 | 0003095 | 001847096 | 密集书库/ [索取号:N51/1] | 在馆 | |
| 2 | 0003096 | 001847050 | 密集书库/ [索取号:N51/1] | 在馆 |